<?xml version="1.0" encoding="UTF-8"?>
<collection xmlns="http://www.loc.gov/MARC21/slim">
 <record>
  <leader>01664nam a22002537a 4500</leader>
  <controlfield tag="001">NCT_4_024483</controlfield>
  <controlfield tag="008">250703b        xxu||||| |||| 00| 0 vie d</controlfield>
  <datafield tag="999" ind1=" " ind2=" ">
   <subfield code="c">9206</subfield>
   <subfield code="d">9206</subfield>
  </datafield>
  <datafield tag="020" ind1=" " ind2=" ">
   <subfield code="a">9786048238490</subfield>
   <subfield code="c">64000</subfield>
  </datafield>
  <datafield tag="082" ind1="0" ind2="4">
   <subfield code="2">23rd ed.</subfield>
   <subfield code="a">628.42</subfield>
   <subfield code="b">L103</subfield>
  </datafield>
  <datafield tag="100" ind1="1" ind2=" ">
   <subfield code="a">Trịnh Xuân Lai</subfield>
  </datafield>
  <datafield tag="245" ind1="1" ind2="0">
   <subfield code="a">Xử lý nước thải công nghiệp</subfield>
   <subfield code="c">Trịnh Xuân Lai, Nguyễn Trọng Dương</subfield>
  </datafield>
  <datafield tag="250" ind1=" " ind2=" ">
   <subfield code="a">Tái bản</subfield>
  </datafield>
  <datafield tag="260" ind1=" " ind2=" ">
   <subfield code="a">H.</subfield>
   <subfield code="b">Xây dựng</subfield>
   <subfield code="c">2020</subfield>
  </datafield>
  <datafield tag="300" ind1=" " ind2=" ">
   <subfield code="a">145 tr.</subfield>
   <subfield code="b">bảng, hình vẽ</subfield>
   <subfield code="c">27 cm</subfield>
  </datafield>
  <datafield tag="520" ind1="3" ind2=" ">
   <subfield code="a">Nêu phương pháp tính toán và cách xác định các thông số để thiết kế công trình xử lí nước thải công nghiệp. Giới thiệu một số quy trình công nghệ xử lí nước có hiệu quả trong thực tế để xử lý nước thải của công nghiệp thực phẩm, công nghiệp giấy, dệt, hoá chất, thuộc da...</subfield>
  </datafield>
  <datafield tag="653" ind1=" " ind2=" ">
   <subfield code="a">Quản lý tài nguyên &amp; Môi trường</subfield>
  </datafield>
  <datafield tag="653" ind1=" " ind2=" ">
   <subfield code="a">Kỹ thuật môi trường</subfield>
  </datafield>
  <datafield tag="700" ind1="1" ind2=" ">
   <subfield code="a">Nguyễn Trọng Dương</subfield>
  </datafield>
  <datafield tag="942" ind1=" " ind2=" ">
   <subfield code="2">ddc</subfield>
   <subfield code="c">BK</subfield>
  </datafield>
  <datafield tag="952" ind1=" " ind2=" ">
   <subfield code="0">0</subfield>
   <subfield code="1">0</subfield>
   <subfield code="2">ddc</subfield>
   <subfield code="4">0</subfield>
   <subfield code="6">628_420000000000000_L103</subfield>
   <subfield code="7">0</subfield>
   <subfield code="9">31132</subfield>
   <subfield code="a">000001</subfield>
   <subfield code="b">000001</subfield>
   <subfield code="d">2025-07-03</subfield>
   <subfield code="o">628.42 L103</subfield>
   <subfield code="p">MD.24123</subfield>
   <subfield code="r">2025-07-03</subfield>
   <subfield code="v">64000.00</subfield>
   <subfield code="w">2025-07-03</subfield>
   <subfield code="y">BK</subfield>
  </datafield>
  <datafield tag="952" ind1=" " ind2=" ">
   <subfield code="0">0</subfield>
   <subfield code="1">0</subfield>
   <subfield code="2">ddc</subfield>
   <subfield code="4">0</subfield>
   <subfield code="6">628_420000000000000_L103</subfield>
   <subfield code="7">0</subfield>
   <subfield code="9">31133</subfield>
   <subfield code="a">000001</subfield>
   <subfield code="b">000001</subfield>
   <subfield code="d">2025-07-03</subfield>
   <subfield code="o">628.42 L103</subfield>
   <subfield code="p">MD.24124</subfield>
   <subfield code="r">2025-07-03</subfield>
   <subfield code="v">64000.00</subfield>
   <subfield code="w">2025-07-03</subfield>
   <subfield code="y">BK</subfield>
  </datafield>
  <datafield tag="952" ind1=" " ind2=" ">
   <subfield code="0">0</subfield>
   <subfield code="1">0</subfield>
   <subfield code="2">ddc</subfield>
   <subfield code="4">0</subfield>
   <subfield code="6">628_420000000000000_L103</subfield>
   <subfield code="7">0</subfield>
   <subfield code="9">31134</subfield>
   <subfield code="a">000001</subfield>
   <subfield code="b">000001</subfield>
   <subfield code="d">2025-07-03</subfield>
   <subfield code="o">628.42 L103</subfield>
   <subfield code="p">MD.24125</subfield>
   <subfield code="r">2025-07-03</subfield>
   <subfield code="v">64000.00</subfield>
   <subfield code="w">2025-07-03</subfield>
   <subfield code="y">BK</subfield>
  </datafield>
  <datafield tag="980" ind1=" " ind2=" ">
   <subfield code="a">Thư viện Trường Đại học Nam Cần Thơ</subfield>
  </datafield>
 </record>
</collection>
